Fragen aus der Wissenschaft - Buchstabe T - Statistiken

Allgemein
  • Dieses Quiz wurde 134 mal gespielt
  • Das Durchschnittsergebnis liegt bei 9 aus 20
Antwortstatistiken
Hinweis Antwort % Korrekt
Optisches Instrument zur Beobachtung weit entfernter Objekte Teleskop
95%
Lehre von Gott und der Religion Theologie
90%
Der messbare Wärmezustand von Materie, Stoff oder Stoffsystem Temperatur
88%
Behandlung von Krankheiten bzw. das Heilverfahren Therapie
76%
Gerade, die eine Kurve in einem bestimmten Punkt berührt (Mathematik) Tangente
75%
Wissenschaftliches Erklärungsmodell Theorie
73%
Lehre von Giftstoffen, Vergiftungen und deren Behandlung Toxikologie
67%
Weitergabe von Bräuchen, Werten und Ideen über Generationen Tradition
57%
Erfinder und Forscher im Bereich Elektrotechnik und Wechselstrom Nikola Tesla
50%
Wissenschaft von der Wärme und der Energieumwandlung Thermodynamik
40%
Griechischer Mathematiker - Dreiecke im Halbkreis sind rechtwinklig Thales von Milet
38%
Umwandlung von Sprache in Text - Synthese von RNA aus DNA Transkription
36%
Unterste Schicht der Erdatmosphäre, enthält ca. 90 % der Luft Troposphäre
34%
Lehre vom Aufbau und den Bewegungen der Erdkruste Tektonik
30%
Namensgeber eines Tests zur Unterscheidung von Mensch und Maschine Alan Turing
17%
Radioaktives Isotop des Wasserstoffs - ein Proton, zwei Neutronen im Kern Tritium
15%
Lehre von räumlichen Strukturen und Beziehungen Topologie
11%
Praktische Anwendung von wissenschaftlichen Erkenntnissen Technik
9%
Begriff für alle chemischen Elemente mit höherer Ordnungszahl als 92 Transurane
6%
Englischer Physiker und Nobelpreisträger - Entdecker des Elektrons Joseph John Thomson
4%
Keine übereinstimmenden Quizze gefunden
Verteilung der Resultate
Anzahl Personen mit jedem Resultat
Perzentil nach korrekt beantworteten Fragen
Ihre Resultats-Entwicklung
Sie haben dieses Quiz noch nicht gespielt